NCAA FCS Football Teams: By Nickname - Statistics

General Stats
  • This quiz has been taken 877 times
  • The average score is 83 of 127
Answer Stats
Big Sky Nickname % Correct
Bears Brown | Central Arkansas | Mercer | +3 others
93%
Tigers Grambling State | Jackson State | Princeton | +3 others
93%
Bulldogs Alabama A&M | Bryant | Butler | +5 others
92%
Runnin' Bulldogs Gardner-Webb
92%
Bison Bucknell | Howard | North Dakota State
88%
Eagles Eastern Washington | Morehead State | NC Central
88%
Wildcats Abilene Christian | Bethune-Cookman | Davidson | +3 others
88%
Lions Columbia | North Alabama | SE Louisiana
85%
Vandals Idaho
84%
Jackrabbits South Dakota State
82%
Grizzlies Montana
80%
Dukes Duquesne | James Madison
78%
Crimson Harvard
76%
Spiders Richmond
76%
Fightin' Blue Hens Delaware
75%
Bobcats Montana State
74%
Panthers Eastern Illinois | Northern Iowa | Prairie View A&M
74%
Rams Fordham | Rhode Island
73%
Flyers Dayton
72%
Fighting Camels Campbell
71%
Hornets Alabama State | Delaware State | Sacramento State
69%
Hoyas Georgetown
68%
Penguins Youngstown State
68%
Big Red Cornell
67%
Quakers Penn
67%
Black Bears Maine
65%
Cardinals Incarnate Word | Lamar
65%
Sycamores Indiana State
65%
Bengals Idaho State
64%
Hawks Monmouth
64%
Lumberjacks Northern Arizona | Stephen F Austin
64%
Rattlers Florida A&M
64%
Bearkats Sam Houston State
63%
Big Green Dartmouth
62%
Cowboys McNeese State
62%
Racers Murray State
62%
Gamecocks Jacksonville State
60%
Great Danes Albany
59%
Jaguars Southern
59%
Colonials Robert Morris
58%
Aggies North Carolina A&T | UC Davis
57%
Colonels Eastern Kentucky | Nicholls State
57%
Mustangs Cal Poly
57%
Redbirds Illinois State
57%
Salukis Southern Illinois
57%
Owls Kennesaw State
56%
Pirates Hampton
56%
Terriers Wofford
56%
Spartans Norfolk State
55%
Crusaders Holy Cross | Valparaiso
54%
Vikings Portland State
54%
Buccaneers Charleston Southern | E Tennessee State
53%
Mocs Chattanooga
53%
Governors Austin Peay
52%
Hatters Stetson
52%
Paladins Furman
52%
Tribe William & Mary
51%
Huskies Houston Baptist
50%
Raiders Colgate
50%
Coyotes South Dakota
49%
Blue Devils Central Connecticut
48%
Sharks LIU
48%
Leopards Lafayette
47%
Phoenix Elon
46%
Seawolves Stony Brook
46%
Delta Devils Mississippi Valley State
45%
Keydets VMI
44%
Redhawks SE Missouri State
44%
Leathernecks Western Illinois
43%
Red Foxes Marist
43%
Blue Hose Presbyterian
42%
Seahawks Wagner
42%
Demons Northwestern State
41%
Fighting Hawks North Dakota
39%
Golden Eagles Tennessee Tech
38%
Golden Lions Arkansas-Pine Bluff
38%
Skyhawks UT Martin
38%
Thunderbirds Southern Utah
38%
Catamounts Western Carolina
37%
Mountain Hawks Lehigh
34%
Toreros San Diego
33%
Braves Alcorn State
29%
Warriors Merrimack
29%
Pioneers Sacred Heart
28%
Texans Tarleton State
25%
Red Flash Saint Francis
23%
Trailblazers Dixie State
16%
No matching quizzes found
Score Distribution
Percent of People with Each Score
Percentile by Number Answered
Your Score History
You have not taken this quiz